| 000 | 02548nam0a2200397 4500 | ||
|---|---|---|---|
| 001 | RU\NLR\BIBL_A\012410426 | ||
| 005 | 20260409070246.0 | ||
| 010 |
_a978-5-6043240-7-3 _930 |
||
| 021 |
_aRU _b2020-48690 _9КН-П-3688 |
||
| 035 | _a(RuMoRGB)010402509 | ||
| 035 | _a(NLR Aleph) 012410426 | ||
| 090 |
_a11772831 _c11772831 |
||
| 100 | _a20201124d2020 |||y0rusy50 ca | ||
| 101 | 0 | _arus | |
| 102 | _aRU | ||
| 105 | _ay|||zzzz100zy | ||
| 181 | 0 |
_ai _baxxe |
|
| 182 | 0 | _an | |
| 200 | 1 |
_aПобеда в Великой Отечественной войне как исторический феномен и мировоззренческий ориентир _eМеждународная научно-практическая конференция (Новосибирск, 23-24 апреля 2020 года), (посвященная 75-й годовщине Победы в Великой Отечественной войне) _eсборник научных статей _fНовосибирский военный институт им. генерала армии И. К. Яковлева войск национальной гвардии Российской Федерации _g[составители: Померлян Александр Николаевич и др.] _gпод общей редакцией полковника Косухина В. В. |
|
| 203 |
_aТекст _bвизуальный _cнепосредственный |
||
| 210 |
_aНовосибирск _cНВИ войск национальной гвардии _d2020 |
||
| 215 |
_a205 с. _cил., табл. _d21 |
||
| 320 | _aБиблиогр. в конце докл. | ||
| 606 | 1 |
_aВеликая Отечественная война _jСъезды, совещания и т.п _z1941 - 1945 _9903571 _3RU\NLR\AUTH\668893 |
|
| 606 |
_aВеликая Отечественная война _z1941 - 1945 _xГодовщины _jСъезды, совещания и т.п _3RU\NLR\AUTH\66187542 _91237240 |
||
| 686 | 1 | _aЦ35(2)722я431(0) | |
| 686 | 1 | _aТ3(2)722я431 | |
| 702 | 1 |
_aКосухин _bВ. В. _4340 |
|
| 702 | 1 |
_aПомерлян _bА. Н. _gАлександр Николаевич _4220 |
|
| 712 | 0 | 2 |
_4475 _aНовосибирский военный институт войск национальной гвардии им. И. К. Яковлева _3RU\NLR\AUTH\880461547 _9585699 |
| 942 | _cBOOK | ||
| 980 | _aNBR | ||
| 980 | _aNB | ||